[Event "Dos Hermanas 10th"]
[Site "Dos Hermanas"]
[Date "1999.04.14"]
[Round "7"]
[White "Adams, Michael"]
[Black "Topalov, Veselin"]
[Result "1/2-1/2"]
[WhiteElo "2716"]
[BlackElo "2700"]
[Annotator "Donev,I"]
[PlyCount "111"]
[EventDate "1999.04.06"]
[EventType "tourn"]
[EventRounds "9"]
[EventCountry "ESP"]
[EventCategory "19"]
[SourceTitle "CBM 071"]
[Source "ChessBase"]
[SourceDate "1999.08.01"]
[SourceVersion "1"]
[SourceVersionDate "1999.08.01"]
[SourceQuality "1"]

1. e4 c5 2. Nc3 d6 3. g3 Nc6 4. Bg2 g6 5. d3 Bg7 6. Be3 {In letzter Zeit
spielt der talentierte englische Großmeister gerne den Geschlossenen
Sizilianer mit früher Entwicklung des Damenläufers.} Nf6 7. h3 e5 8. Nge2 O-O (
8... Be6 9. f4 Nh5 10. f5 Bd7 11. O-O gxf5 12. exf5 Nf6 13. Ne4 Qe7 14. N2c3
Nb4 15. Nxf6+ Bxf6 16. a3 Nc6 17. Nd5 Qd8 18. Qh5 h6 19. b4 Nd4 20. Rf2 Bc6 21.
Rb1 Rb8 22. b5 Bd7 23. a4 a6 24. bxa6 Nc6 25. axb7 Na5 26. Bd2 Be7 27. Nxe7
Kxe7 28. Bd5 Rh7 29. Bg5+ {1-0 Werner,M-Haist,W/Herrenberg 1986/GER (29)}) (
8... Nd4 9. O-O O-O 10. f4 b5 11. a3 Bb7 12. Rb1 Qd7 13. b4 Ne8 14. Qd2 Nc7 15.
f5 gxf5 16. bxc5 dxc5 17. exf5 Bxg2 18. Kxg2 Nxf5 19. Bxc5 Nd6 20. Kh2 f5 21.
Bxd6 Qxd6 22. Nxb5 Nxb5 23. Rxb5 Qxa3 24. Rb7 Qa6 25. Qb4 Rac8 26. Ra1 Qh6 27.
Raxa7 Bf6 28. Qb3+ Kh8 29. Rxh7+ Qxh7 30. Rxh7+ Kxh7 31. Kg2 Kg6 32. h4 Rc6 33.
Kh3 Rfc8 34. c3 f4 35. gxf4 Rh8 36. fxe5 Bxh4 37. Qd5 Rb6 38. Nf4+ Kf5 39. Qe4+
Kg5 40. Ne6+ Rxe6 41. Qg4+ {1-0 Chachibaia-Votava,J/Mlada Boleslav 1993/EXT 97
(41)}) 9. O-O b5 10. Nxb5 Rb8 11. Nec3 $146 {[%mdl 8] Wahrscheinlich hat Adams
nach seiner Niederlage gegen Kasparov diese Stellung gut analysiert und
versucht jetzt das weiße Spiel zu verbessern.} (11. a4 a6 12. Na3 Rxb2 13. Nc4
Rb8 14. f4 exf4 15. Nxf4 Na5 16. Nd2 Bd7 17. Ra2 Bc6 18. Nf3 Ba8 19. c4 Nd7 20.
Raf2 Nb3 21. h4 Nd4 22. Bh3 Nxf3+ 23. Qxf3 Ne5 24. Qd1 Qe7 25. h5 Rb4 26. h6
Bh8 27. Ne6 Rfb8 28. Ng5 Rb2 29. Bf4 Bf6 30. Nf3 Bc6 31. Nxe5 Bxe5 32. Qf3 f5
33. Bxe5 Qxe5 34. g4 Rxf2 35. Rxf2 Rb1+ 36. Bf1 Rb2 37. Rxb2 Qxb2 38. gxf5 Qd4+
39. Kh1 Bxa4 40. fxg6 hxg6 41. e5 Qxe5 42. Qb7 Be8 43. Bg2 Qh5+ 44. Kg1 Qxh6
45. Qe7 Qc1+ 46. Bf1 Bf7 47. Qxd6 Qe3+ 48. Kh1 a5 49. Qd8+ Be8 50. Bg2 Qe1+ 51.
Kh2 Qe5+ 52. Kh3 Kg7 53. Bd5 a4 54. Qb6 Bd7+ 55. Kg2 Qe2+ 56. Kg1 a3 57. Qxc5
Qe1+ 58. Kg2 a2 59. Qd4+ Kh7 {0-1 Adams,M-Kasparov,G/Linares 1999/CBM 70 (59)})
11... a6 12. Na3 Rxb2 13. Nc4 Rb8 14. Bg5 $5 {Um die Kontrolle über das
wichtige Zentralfeld d5 zu befestigen ist Adams bereit, seinen Läufer für den
Verteidiger zu tauschen.} h6 15. Bxf6 Bxf6 16. Nd5 {Die weißen Springer
dominieren schon im Zentrum. Für Weiß wäre es ein Traum, wenn er den
weißfarbigen Läufer abtauschen könnte.} Bg7 17. Rb1 Rxb1 18. Qxb1 Na5 19. Qb6 {
Auf diese Weise erzwingt Weiß den Übergang in ein Endspiel, das einen
minimalen aber dauerhaften Vorteil sichert.} Nxc4 20. Qxd8 Rxd8 21. dxc4 Rd7 {
[%cal Yd7b7,Yb7b2] Selbstverständlich ist das Ziel dieses Zug die einzige
offene Linie zu beherrschen. Falls der Anziehende die Türme abtauscht (nach 22.
Rb1 Rb7!) entsteht einfach eine Remisstellung.} 22. Nb6 Rc7 23. Nxc8 Rxc8 24.
Rb1 $14 {Die Eröffnung und das Mittelspiel sind schnell vorbei. Weiß kann
zufrieden mit seiner Stellung sein, er hat einen kleinen aber dauerhaften
Vorteil. Zur obrigen Bewertung trägt der Tb1 bei, der die einzige offene Linie
beherrscht. Wenn der bulgarische Großmeister die Türme tauschen könnte, wäre
die Stellung 100% remis. Aber jetzt muß Schwarz sich genau verteidigen.} Rc7 {
Vermeidet Rb7.} (24... Bf8 $5) 25. h4 {[%cal Yg2h3,Yh3c8] Bereitet die
Aktivierung des weißen Läufers auf die Diagonale h3-c8 vor.} (25. Rb6 $5 $14 {
[%cal Yb6a6,Yb6d6] Weiß gewinnt der Bauer d6 oder a6!}) 25... Ra7 26. Bh3 Kf8
27. a4 a5 28. Bc8 Bf6 29. Rb8 Kg7 30. Bb7 Be7 31. Kg2 Bf6 32. Kh3 Be7 33. Bd5
Bf6 34. Kg4 Be7 35. h5 g5 {Schwächt das Feld f5 ab.} (35... Bg5 $5 36. Rb6 Be7)
36. Kf5 {Aktiver König im Endspiel ist wichtig!} Bf6 37. Rb5 Bd8 38. Bb7 Be7
39. Rb2 Bd8 40. Rb1 Bf6 41. Bd5 Bd8 42. Rb3 Re7 43. Rb1 Bc7 44. Rb7 Bd8 45. Rb8
Bc7 46. Ra8 Bb6 47. f3 Bc7 48. Ra6 Re8 49. Rc6 Re7 50. f4 gxf4 51. gxf4 exf4
52. Kxf4 Bd8 53. Rc8 Bc7 54. Ra8 Bb6 55. Ra6 Bc7 56. Rc6 1/2-1/2

[Event "Reykjavik Arason m"]
[Site "Reykjavik"]
[Date "2002.01.12"]
[Round "5"]
[White "Short, Nigel D"]
[Black "Stefansson, Hannes"]
[Result "1-0"]
[WhiteElo "2663"]
[BlackElo "2604"]
[Annotator "Donev,I"]
[PlyCount "75"]
[EventDate "2002.01.08"]
[EventType "match"]
[EventRounds "6"]
[EventCountry "ISL"]
[SourceTitle "CBM 087"]
[Source "ChessBase"]
[SourceDate "2002.03.21"]
[SourceVersion "1"]
[SourceVersionDate "2002.03.21"]
[SourceQuality "1"]

1. e4 c5 2. Nc3 Nc6 3. g3 g6 4. Bg2 Bg7 5. d3 d6 6. Be3 Bd7 7. f4 b5 $146 ({RR
} 7... Nf6 8. h3 h5 9. Nf3 Qc8 10. Qd2 Rb8 11. Nd1 b5 12. Nf2 b4 13. O-O Nh7 {
1/2-1/2 Piochacz,P-Gorka,C/Willingen 2001/EXT 2002 (13)}) ({RR} 7... Rb8 8. Nf3
Nf6 9. O-O Ng4 10. Bc1 O-O 11. h3 Nf6 12. Be3 b5 13. Rb1 b4 14. Ne2 Qa5 15. Ra1
Ne8 16. d4 cxd4 17. Nfxd4 Nxd4 18. Nxd4 Nc7 19. a3 a6 20. axb4 Qxb4 21. Rb1 Nb5
22. c3 {Debowska,T-Korsakova,T/Istanbul 2000/EXT 2001/0-1 (32)}) 8. a3 ({Nach} 
8. Nxb5 Rb8 9. Nc3 (9. a4 a6 $15) 9... Rxb2 10. Nge2 Nd4 $15 {kann Schwarz mit
dieser Stellung zufrieden sein.}) 8... Nf6 9. Nf3 O-O (9... Ng4 10. Bd2 {
nebst h3 bringt nichts für Schwarz.}) 10. h3 Rb8 11. O-O a5 12. g4 Ne8 13. Rb1
b4 14. axb4 axb4 15. Ne2 Nc7 16. f5 {Dieser Plan ist schon lange bekannt, seit
dem Kandidatenmatsch 1968 Spassky-Geller. Weiß versucht mit allen seinen
Kräften einen starken Angriff am Königsflügel zu organisieren.} Nb5 17. Qd2
Nbd4 18. Nexd4 Nxd4 19. Bh6 Nxf3+ 20. Rxf3 Ra8 $2 {Wahrscheinlich ein Fehler,
der Schwarz in Schwierigkeiten bringt.} ({besser ist:} 20... Qb6 21. Bxg7 Kxg7
22. Rbf1 f6 23. g5 Rf7 $11) 21. Bxg7 {Durch den Abtausch des schwarzfarbigen
Läufers wird die Lage des schwarzen Königs geschwächt.} Kxg7 {[%tqu "De","Wie
soll Weiss fortsetzen?","","","d3d4","",6]} 22. d4 $1 Qb6 (22... Qc7 23. e5 $1
dxe5 24. dxe5 $14 {und Schwarz darf sich wegen des hängenden Bd7 nicht auf e5
bedienen.}) (22... f6 23. dxc5 dxc5 24. Rd3 Ra7 25. Rd1 $18) (22... cxd4 23.
Qxd4+ f6 24. Qxb4 $16) 23. e5 $1 {Es ist merkwürdig wie einfach Short die
Initiative übernommen hat. Jetzt droht f6 nebst Qh6 mit starkem Angriff gegen
den geschwächten schwarzen König.} dxe5 (23... cxd4 24. f6+ exf6 25. exf6+ Kh8
26. Qh6 Rg8 27. g5 {Die Idee Rf4 nebst Qh7 und Rh4 ist sehr gefährlich.} d3+
28. Kh2 (28. Kh1 dxc2 $19) 28... Qc5 {Vermeidet 29.Rf4durch die Fesselung 29...
Qe5} 29. Re1 $40 {[%cal Ye1e4,Yf3f4,Yf4h4,Ye4h4,Ye1e7] Die Ideen Re4 oder Rf4
nebst Qh7!! sind sehr unangenehm.}) 24. dxe5 Bc6 $2 {Der letzte und
entscheidende Fehler, der großen Vorteil für Short bringt.} (24... c4+ $142 25.
Kh2 Rad8 26. Qf4 $14 (26. f6+ exf6 27. exf6+ Kh8 28. Qh6 Qd6+ 29. Kh1 Rg8 $15 {
/\Bc6})) 25. f6+ $1 $16 exf6 26. Rxf6 $1 {[%cal Yf6c6,Yg2c6]} c4+ 27. Kh2 Rac8
28. Rbf1 Qc5 29. Qf4 Be8 (29... Kh8 30. Bxc6 Rxc6 31. e6 $16) {[%tqu "De","Wie
soll Short seinem Angriff fortsetzen?","","","h3h4","",8]} 30. h4 $1 {[%mdl
132] Ausgezeichnet. Der weiße Bauer strebt nach h6. Bald wird die Lage des
schwarzen Monarchen noch enger.} (30. e6 $6 Qc7) 30... Rd8 31. h5 Rd4 32. h6+
Kg8 33. Qe3 Rd5 34. Qxc5 Rxc5 35. e6 Re5 36. Bd5 $1 Rxd5 37. e7 Re5 (37... Rg5
38. Kh3 {nebst Kh4}) 38. Rxg6+ {nebst 38...hg6 39.h7+ und ef8Q} 1-0

[Event "Montreal 2nd"]
[Site "Montreal"]
[Date "2001.08.02"]
[Round "1"]
[White "Barbeau, Sylvain"]
[Black "Zugic, Igor"]
[Result "0-1"]
[WhiteElo "2365"]
[BlackElo "2440"]
[Annotator "Donev,I"]
[PlyCount "80"]
[EventDate "2001.08.02"]
[EventType "tourn"]
[EventRounds "11"]
[EventCountry "CAN"]
[EventCategory "9"]
[SourceTitle "CBM 085"]
[Source "ChessBase"]
[SourceDate "2001.11.13"]
[SourceVersion "1"]
[SourceVersionDate "2001.11.13"]
[SourceQuality "1"]

1. e4 c5 2. Nc3 Nc6 3. g3 g6 4. Bg2 Bg7 5. d3 d6 6. Be3 h5 7. h3 e5 8. Qd2 Nge7
9. f4 Nd4 10. Nd1 h4 11. g4 exf4 12. Bxf4 Ne6 13. Bh2 $146 (13. Ne2 $5) 13...
Be5 14. Nf3 Bxh2 15. Rxh2 d5 16. Nc3 $6 {Gibt dem Nachziehenden die
Möglichkeit das Zentrum zu blockieren und den besseren Läufer (c8) gegen den
schlechteren Läufer (g2) zu bekommen.} (16. exd5 $142 Nxd5 17. Nc3 $14 {
[%cal Yc3d5] /\0-0-0,}) 16... d4 $1 17. Ne2 Nc6 {[%csl Ye5]} 18. Nf4 Qd6 19.
Nd5 Nc7 20. Nxc7+ Qxc7 21. Qg5 Qe7 22. Qxe7+ Kxe7 23. Kd2 Be6 24. a3 (24. e5 {
[%cal Yg2c6]}) 24... Kd6 $1 {Jetzt hat der Nachziehende volle Kontrolle über
das Schlüsselzentralfeld e5.} 25. Rf1 Ne5 26. c3 Nxf3+ 27. Bxf3 Ke5 $1 {
[%mdl 4128] Der König steht ausgezeichnet auf e5. Er ist jeder Zeit bereit,
über die geschwächten schwarzen Felder am Königsflügel einzudringen.} 28. g5 {
Mit diesem Zug bereitet Weiß vor, seinen schlecht stehenden Läufer auf g4
abzutauschen.} Rad8 29. c4 b5 $1 {Wie in einer lehrreichen Capablanca-Partie -
zuerst werden alle Figuren optimal platziert (Ke5, Be6) und dann die Stellung
am Damenflügel geöffnet, weil die weißen Figuren am Königsflügel passiv stehen!
} 30. cxb5 (30. b3 bxc4 31. dxc4 (31. bxc4 Rb8 32. Kc2 Rb6 $19 {/\Rfb8}) 31...
Rb8 32. Bd1 a5 $17) 30... Rb8 31. a4 a6 {Die Öffnung der b-Linie ist für Weiß
lebensgefährlich.} 32. Rc1 axb5 33. Rxc5+ Kf4 {[%cal Yf4f3,Yf4g3] Die mächtige
Majestät entscheidet das Spiel am Königsflügel.} 34. Bg4 Bxg4 35. hxg4 h3 36.
Ke1 (36. a5 Kg3 37. Rh1 h2 $19) 36... Kg3 37. Rcc2 bxa4 38. Kf1 a3 39. Kg1 axb2
40. Rxb2 Rhc8 {Eine sehr lehrreiche strategische Partie.} 0-1

[Event "RUS-Cup01 Chigorin Memorial"]
[Site "St Petersburg"]
[Date "1997.11.07"]
[Round "7"]
[White "Orlov, Andrey"]
[Black "Tunik, Gennady"]
[Result "1-0"]
[WhiteElo "2380"]
[BlackElo "2450"]
[Annotator "Donev,I"]
[PlyCount "89"]
[EventDate "1997.11.01"]
[EventType "swiss"]
[EventRounds "9"]
[EventCountry "RUS"]
[SourceTitle "CBM 062"]
[Source "ChessBase"]
[SourceDate "1998.01.31"]
[SourceVersion "1"]
[SourceVersionDate "1998.01.31"]
[SourceQuality "1"]

1. e4 c5 2. Nc3 Nc6 3. g3 g6 4. Bg2 Bg7 5. d3 d6 6. Be3 Rb8 7. Qd2 b5 8. Nge2
e5 9. O-O b4 10. Nd5 Nce7 11. Nxe7 Nxe7 12. a3 bxa3 13. Rxa3 Rxb2 14. Rxa7 O-O
15. Qc1 Rb8 16. Bg5 (16. f4 Nc6 17. Ra2 Bg4 18. c3 $11 (18. Nc3 exf4 19. Rxf4
$1 Qd7 20. Qd2 (20. Nd5 Nd4 $15 {[%cal Yd4e2]}))) 16... f6 17. Be3 Nc6 18. Ra1
Rf7 19. c3 Rc7 {Schwarz droht Sd4!} 20. Qd2 Bg4 21. h3 Be6 22. d4 $1 {[%csl
Rd6][%cal Yd4c5,Yd4d5] Mit diesem starken Zug erlangt der Anziehende Vorteil
im Zentrum. Es droht die Gabel d4-d5 sowie der Bauerngewinn d4xc5. So wird
Schwarz gezwungen auf d4 zu tauschen, wodurch er einen rückständigen Bauern
auf der halboffene d - Linie bekommt.} cxd4 23. cxd4 exd4 24. Nxd4 Nxd4 25.
Bxd4 {[%csl Rd6,Rf6] Wie wir sehen hat der Anziehenden die bessere
Bauernstruktur bekommen. Weiß hat eine Bauerninsel, Schwarz zwei, wobei die
Bauern f6 und d6 ziemlich schwach sind.} Qd7 26. Rfc1 Rxc1+ 27. Qxc1 (27. Rxc1
Bxh3 28. Bxh3 Qxh3 29. Qa2+ Kh8 30. Qf7 $44) 27... Rc8 (27... Bxh3 $2 28. Ra7
$1 $18 Qc8 (28... Rc8 29. Qb2 Qe6 30. Qb7 $18) 29. Rc7 Qe6 30. Bxh3 Qxh3 31.
Rxg7+ Kxg7 32. Qc7+ $18 {[%cal Yc7b8,Yc7g7]}) 28. Qb2 {Dank seiner besseren
Bauernstruktur versucht Weiß, Druck auf die zweite schwarze Schwäche, den
Bauern f6, auszuüben.} f5 29. exf5 gxf5 (29... Bxf5 30. Bd5+ $1 Kf8 31. g4 Bd3
32. Ra3 $18) 30. Rd1 Rd8 31. Bxg7 Qxg7 32. Qb6 Qe7 33. Re1 {Die schwarze
Stellung ist sehr schlecht. Die De7 ist überlastet. Sie muß gleichzeitig den
Td8 und den Le6 decken. Weiß droht sowohl Txe6, als auch Ld5.} Rf8 34. Bd5 Rf6
35. Qe3 {[%cal Ye1e7,Yd5g8] Die sogenannte "Kreuzfesselung".} Kf7 36. Qg5 $18 {
Jetzt ist Materialverlust des Nachziehenden unvermeidbar.} Bxd5 (36... h6 37.
Bxe6+ Rxe6 38. Qxf5+ Qf6 39. Qd5 $18) 37. Qh5+ Kf8 38. Rxe7 Kxe7 39. Qxh7+ Ke6
40. Qg8+ Ke5 $2 (40... Rf7 $142) 41. Qg5 (41. Qe8+ $142) 41... Rf7 42. Qe3+ Kf6
43. g4 fxg4 44. hxg4 Rc7 $2 (44... Be6 $142) 45. Qf4+ 1-0

[Event "Copenhagen Aruna"]
[Site "Copenhagen"]
[Date "1997.05.06"]
[Round "5"]
[White "Hjartarson, Johann"]
[Black "Mortensen, Erling"]
[Result "1-0"]
[WhiteElo "2585"]
[BlackElo "2450"]
[Annotator "Donev,I"]
[PlyCount "87"]
[EventDate "1997.04.02"]
[EventType "tourn"]
[EventRounds "9"]
[EventCountry "DEN"]
[EventCategory "10"]
[SourceTitle "CBM 059"]
[Source "ChessBase"]
[SourceDate "1997.08.01"]
[SourceVersion "1"]
[SourceVersionDate "1997.08.01"]
[SourceQuality "1"]

1. e4 c5 2. Nc3 Nc6 3. g3 g6 4. Bg2 Bg7 5. d3 d6 6. Be3 e5 7. Qd2 Nge7 8. Nge2
Nd4 9. O-O O-O 10. f4 Nxe2+ 11. Qxe2 exf4 12. Bxf4 Nc6 13. Kh1 h6 14. Qd2 Kh7
15. Be3 Be6 16. Rf4 g5 {[%csl Rf5]} 17. Rff1 Ne5 18. Rae1 Kh8 19. Bg1 Qd7 20.
b3 b5 21. d4 cxd4 22. Bxd4 Rac8 23. Nd1 Ng4 24. c3 a6 25. h3 Ne5 26. Kh2 f5 (
26... g4 27. Nf2 (27. h4 f5 28. exf5) 27... gxh3 28. Nxh3 Kg8 (28... Qe7 29.
Kg1 Bg4 30. Nf4 Rfe8 $10) 29. Nf4 $10) (26... Rfe8 27. Nb2 Kg8 28. Nd3 Qe7 $10)
27. exf5 (27. Qe3 Rce8 28. exf5 Bxf5 29. Qd2 Kg8 30. Nb2 a5 $10) 27... Bxf5 (
27... Rxf5 28. Rxf5 Bxf5 29. Ne3 Bg6 30. Nd5 Rf8 $14) 28. Ne3 Be6 29. Nd5 Rce8
30. Qd1 g4 31. Nf4 Bf5 $2 (31... gxh3 $142) (31... Bf7 32. h4 Bf6 33. Be4 Kg7
34. Bxe5 $16) (31... gxh3 32. Bxe5 (32. Nxh3 Rxf1 33. Rxf1 Bf5 34. Nf2 Kg8 35.
Qh5 Bg6 36. Bd5+ Kh7 37. Qe2 $10) 32... hxg2 33. Bxg7+ Qxg7 34. Kxg2 Bf7 (34...
Rg8 $10) 35. Qxd6 $16) (31... Rf7 32. h4 (32. Nxe6 Rxf1 33. Rxf1 Qxe6 34. Be4
gxh3 35. Bf5 Qe7 36. Qh5 Rf8 37. Kxh3 Qf7 38. Qxf7 Rxf7 $16)) 32. Bxe5 Bxe5 33.
hxg4 Bh7 {Es ist merkwürdig, wie GM Hjartarson seine Vorteil mit dem volgenden
Züge vergrößert.} (33... Bxg4 34. Ng6+ Kg7 35. Nxf8 $18) 34. Rxe5 $1 Rxe5 35.
Ng6+ $1 Bxg6 36. Rxf8+ Kg7 37. Rb8 {Schlißlich hat Weiß eine sehr aktive Turm
bekommen.} Be4 38. Bxe4 Rxe4 39. Qd5 $1 {[%cal Yd5e4,Yd5g8] Außer die aktiwe
weiße schwer Figuren, auch der weiße Monarch besser als seine Kollege steht!}
Qe6 40. Qb7+ Qe7 41. Kh3 Kf6 $2 (41... Qxb7 42. Rxb7+ Kg6 43. Rb6 Re3 $16) 42.
Qc8 $1 Kg6 43. Qh8 Rxg4 44. Qg8+ 1-0

[Event "Voskresensk"]
[Site "Voskresensk"]
[Date "1993.??.??"]
[Round "?"]
[White "Galdunts, Sergey"]
[Black "Nalbandian, Tigran"]
[Result "1-0"]
[WhiteElo "2450"]
[BlackElo "2485"]
[Annotator "Donev,I"]
[PlyCount "89"]
[EventDate "1993.??.??"]
[EventType "tourn"]
[EventRounds "11"]
[EventCountry "RUS"]
[EventCategory "9"]
[SourceTitle "CBM 038"]
[Source "ChessBase"]
[SourceDate "1994.02.01"]
[SourceVersion "1"]
[SourceVersionDate "1994.02.01"]
[SourceQuality "1"]

1. e4 c5 2. Nc3 Nc6 3. Nge2 g6 4. g3 Bg7 5. Bg2 e6 6. d3 Nge7 7. Be3 Nd4 (7...
d6 8. Qd2 O-O 9. Bh6 Bxh6 10. Qxh6 b5 $1 11. O-O (11. Nxb5 Rb8 12. Nbc3 Rxb2
$15) 11... b4 12. Nd1 e5 $1 $15) 8. O-O d6 9. f4 Rb8 10. Rb1 O-O (10... Nec6
11. a3 O-O 12. b4 b6 $10) 11. b4 b5 (11... cxb4 12. Nxd4 bxc3 13. Rb3 Bd7 14.
Rxc3 Qa5 15. Rc4 $2 (15. Qa1 Nc6 16. Rb3 Nxd4 17. Bxd4 Bxd4+ 18. Qxd4 Qxa2 19.
Rb2 Qa3 20. Rb4 $44 Rfc8 (20... a5 $6 21. Rb6 Qc5 22. Rxd6 Qxd4+ $8 23. Rxd4
Bc6 24. Kf2 $1 $14) 21. Ra1 Qc3 22. Qxc3 Rxc3 23. Rxa7 Rxc2 24. Rbxb7 Rxb7 25.
Rxb7 $10) 15... b5 $1 $17) 12. bxc5 dxc5 13. e5 Bb7 $10 14. Bxb7 (14. Ne4 $5
Nef5 15. Bf2 Nxe2+ 16. Qxe2 Nd4 17. Bxd4 (17. Qd1 $5 Bxe4 18. Bxe4 b4 $10)
17... Qxd4+ 18. Qf2 Qxf2+ 19. Kxf2 Bxe4 20. Bxe4 Rfd8 $10) 14... Rxb7 15. Ne4
$1 (15. Bxd4 $5 cxd4 16. Nxb5 Nf5 17. Qd2 f6 $1 18. exf6 Qxf6 $44) 15... Nef5
16. Bf2 b4 (16... Qe7 17. g4 $1 Nxe2+ 18. Qxe2 Nd4 19. Bxd4 cxd4 20. Nd6 $14) (
16... Qd5 17. c3 Nxe2+ 18. Qxe2 c4 (18... Rc8 $2 19. g4 $1 Ne7 20. Nd6 $16) 19.
dxc4 bxc4 20. Rxb7 Qxb7 21. Qxc4 $16) 17. Nxc5 $16 Rb5 18. Nxd4 Nxd4 19. Ne4
Qd5 (19... a5 20. Nd6 Rd5 $8 21. a3 f6 22. axb4 fxe5 23. Nb7 Qe7 24. c4 $16)
20. Be3 Rfb8 21. g4 h6 22. Qd2 a5 23. Qf2 Nc6 24. c4 $1 $18 bxc3 $8 25. Nxc3
Qxd3 (25... Rxb1 $5 26. Nxd5 exd5 $18) 26. Nxb5 Rxb5 27. Rxb5 Qxb5 28. Rc1 Nb4
29. h4 Qd3 30. Bd2 (30. Qd2 $5) 30... Nxa2 $2 (30... Qh3 $5 31. g5 Nd3 32. Rc8+
Kh7 33. Qe3 Qg4+ 34. Kf1 Qd1+ 35. Be1 Nxe1 36. Qxe1 Qf3+ 37. Qf2 Qh1+ $132) 31.
Rc8+ Kh7 32. Rc7 $1 (32. Bxa5 Qa6 33. Rc2 Qxa5 34. Rxa2 Qd8 $1 $132) 32... Kg8
33. Rc8+ Kh7 34. Rc7 Kg8 35. Bxa5 Qd1+ 36. Kh2 Nc1 37. Qd2 Qe2+ 38. Kg3 $1 (38.
Qxe2 Nxe2 39. Bd2 g5 $1 40. Rc8+ Kh7 41. fxg5 Bxe5+ 42. Kg2 hxg5 43. Bxg5 $16)
38... g5 $2 (38... Qxd2 39. Bxd2 Nb3 40. Be3 g5 $5 $16) 39. hxg5 hxg5 40. Rc8+
Kh7 41. Rxc1 $1 $18 gxf4+ 42. Kh3 Qf3+ 43. Kh2 Qg3+ 44. Kh1 Bh6 45. Rg1 1-0